|
|
|
|
| LEADER |
00000caa a22000002c 4500 |
| 001 |
1631447882 |
| 003 |
DE-627 |
| 005 |
20260218091201.0 |
| 007 |
tu |
| 008 |
120417s1987 xx ||||| 00| ||ger c |
| 035 |
|
|
|a (DE-627)1631447882
|
| 035 |
|
|
|a (DE-576)363824677
|
| 035 |
|
|
|a (DE-599)BSZ363824677
|
| 040 |
|
|
|a DE-627
|b ger
|c DE-627
|e rakwb
|
| 041 |
|
|
|a ger
|
| 100 |
1 |
|
|a Bertram, Hans
|d 1946-
|0 (DE-588)120485273
|0 (DE-627)08070493X
|0 (DE-576)292244754
|4 aut
|
| 109 |
|
|
|a Bertram, Hans 1946-
|a Bertram, H. 1946-
|
| 245 |
1 |
0 |
|a Wandel und Entwicklung von Familien
|c Hans Bertram
|
| 264 |
|
1 |
|c 1987
|
| 336 |
|
|
|a Text
|b txt
|2 rdacontent
|
| 337 |
|
|
|a ohne Hilfsmittel zu benutzen
|b n
|2 rdamedia
|
| 338 |
|
|
|a Band
|b nc
|2 rdacarrier
|
| 773 |
0 |
8 |
|i In
|a Deutsches Jugendinstitut
|t Jahresbericht / Deutsches Jugendinstitut
|d München : Inst., 1967
|g (1987), Seite 117-130
|w (DE-627)129425184
|w (DE-600)191309-8
|w (DE-576)014799952
|7 nnas
|
| 773 |
1 |
8 |
|g year:1987
|g pages:117-130
|
| 951 |
|
|
|a AR
|
| ELC |
|
|
|b 1
|
| LOK |
|
|
|0 000 xxxxxcx a22 zn 4500
|
| LOK |
|
|
|0 001 3282230265
|
| LOK |
|
|
|0 003 DE-627
|
| LOK |
|
|
|0 004 1631447882
|
| LOK |
|
|
|0 005 20260218082051
|
| LOK |
|
|
|0 008 120417||||||||||||||||ger|||||||
|
| LOK |
|
|
|0 040
|a DE-21-110
|c DE-627
|d DE-21-110
|
| LOK |
|
|
|0 689
|a s
|a Familie
|
| LOK |
|
|
|0 689
|a s
|a Erziehungskrise
|
| LOK |
|
|
|0 852
|z Kein Bestand am IfK; Nachweis für KrimDok
|
| LOK |
|
|
|0 852
|a DE-21-110
|
| LOK |
|
|
|0 852 1
|m v
|9 00
|
| LOK |
|
|
|0 935
|a k110
|
| LOK |
|
|
|0 938
|k v
|
| LOK |
|
|
|0 939
|a 17-04-12
|b l01
|
| ORI |
|
|
|a WA-MARC-krimdoka001.raw
|